000 02663cam a22003371i 4500
003 SA-RiAUC
005 20241010074832.0
008 241009s2011____le g b 000 0 ara c
020 _a9789933446772
040 _aSA-JeALM
_bara
_cSA-RiAUC
_dKAC
_erda
082 0 4 _a412
_qSA-RiAUC
090 _a412
_bهـ م ذ
100 1 _aالهمذاني، عبد الرحمن بن عيسى بن حماد،
_dتوفي 320 هجري.
_eمؤلف.
245 1 2 _aالألفاظ الكتابية في علم العربية /
_cتأليف عبد الرحمن بن عيسى بن حماد الهمذاني. ومعه منظومة تذكرة الحفاظ في بعض المترادف من الألفاظ / نظم سعيد بن سعد نبهان الحضرمي ؛ تحقيق موفق صلاح الشيخ.
250 _aالطبعة الأولى.
264 1 _aبيروت :
_bمؤسسة الرسالة،
_c2011
300 _a440 صفحة ؛
_c24 سم
336 _aنص
_btxt
_2rdacontent
_3كتاب
337 _aبدون وسيط
_bn
_2rdamedia
338 _aمجلد
_bnc
_2rdacarrier
504 _aيشتمل على إرجاعات ببليوجرافية.
520 _aيبحث الكتاب في ألفاظ العربية وتعابيرها وأساليبها وذخيرة لغوية في الترادف والتشبيهات وفنون القول وهو كتاب أدب وإنشاء ولغة وأمثال ومعجم موضوعي يسهل عملية الإنشاء الكتابي البليغ في اختيار المفردات والتعابير في الموضوعات التي يكتب فيها يقول مؤلفه "جمعت في كتابي هذا لجميع الطبقات أجناسا من ألفاظ كتاب الرسائل والدواوين البعيدة من الاشتباه والالتباس، على مذاهب الكتاب وأهل الخطابة"، وهذه طبعة محققة وعليها تعليقات مفيدة.
650 7 _aاللغة العربية
_xتعبيرات اصطلاحية
_2aucsh
650 7 _aاللغة العربية
_xاشتقاق
_2aucsh
700 1 _aالشيخ، موفق صالح
_eمحقق.
700 1 2 _iتحقيق لـ :
_aالهمذاني، عبد الرحمن بن عيسى بن حماد،
_dتوفي 320 هجري.
_tالألفاظ الكتابية
700 1 2 _iمع (عمل) :
_aالحضرمي، سعيد بن سعد بن نبهان،
_dتوفي 1354 هجري.
_tمنظومة تذكرة الحفاظ في بعض المترادف من الألفاظ
710 2 _aمركز الرسالة للدراسات وتحقيق التراث (بيروت)
_eمحقق.
942 _2ddc
_cBOOK
_n0
949 _aSA-JeALM
_d241009
_umohamedma123
_n1
999 _c1122
_d1122